LIBRARY & INFORMATION CENTRE, KCAET, TAVANUR

ONLINE PUBLIC ACCESS CATALOGUE (OPAC)

Food Chemistry (Record no. 14566)

MARC details
000 -LEADER
fixed length control field 00271nam a22001217a 4500
020 ## - INTERNATIONAL STANDARD BOOK NUMBER
ISBN 9789351110323
082 ## - DEWEY DECIMAL CLASSIFICATION NUMBER
Classification number 664.002
Item number TIL/FO
100 ## - MAIN ENTRY--AUTHOR NAME
Personal name Tilak Ram
245 ## - TITLE STATEMENT
Title Food Chemistry
260 ## - PUBLICATION, DISTRIBUTION, ETC. (IMPRINT)
Place of publication New Delhi
Name of publisher Random Publications
Year of publication 2013
300 ## - PHYSICAL DESCRIPTION
Number of Pages 327
942 ## - ADDED ENTRY ELEMENTS (KOHA)
Koha item type Books
Holdings
Withdrawn status Lost status Damaged status Collection code Home library Current library Shelving location Date acquired Source of acquisition Cost, normal purchase price Full call number Accession Number Koha item type
        KAUAET KAUAET General Stacks 16/07/2016 Professional Book Centre, Kochin. 1495.00 664.002 TIL/FO 24243 Books
free website counter